The International control of atomic energy : (Record no. 3752)

MARC details
000 -LEADER
fixed length control field 01226cam a22002891a 4500
001 - CONTROL NUMBER
control field 10224175
003 - CONTROL NUMBER IDENTIFIER
control field OSt
005 - DATE AND TIME OF LATEST TRANSACTION
control field 20230704114112.0
008 - FIXED-LENGTH DATA ELEMENTS--GENERAL INFORMATION
fixed length control field 770311s1948 dcu b f000 0 eng c
010 ## - LIBRARY OF CONGRESS CONTROL NUMBER
LC control number sd 48000052
035 ## - SYSTEM CONTROL NUMBER
System control number (OCoLC)2794023
040 ## - CATALOGING SOURCE
Original cataloging agency U.S. Dept. of State. Library
Transcribing agency DSI
Modifying agency MoSU-L
-- OCoLC
-- NhD
-- OCU
-- DLC
082 ## - DEWEY DECIMAL CLASSIFICATION NUMBER
Classification number 341.6
Item number INT
245 04 - TITLE STATEMENT
Title The International control of atomic energy :
Remainder of title policy at the crossroads : an informal summary record of the policy developments concerning the international control of atomic energy, October 15, 1946 to May 17, 1948 /
Statement of responsibility, etc. The Department of State.
260 ## - PUBLICATION, DISTRIBUTION, ETC. (IMPRINT)
Place of publication, distribution, etc. Washington, D.C. :
Name of publisher, distributor, etc. U.S. G.P.O.,
Date of publication, distribution, etc. 1948.
300 ## - PHYSICAL DESCRIPTION
Extent x, 251 p. ;
Dimensions 24 cm.
440 #0 - SERIES STATEMENT/ADDED ENTRY--TITLE
Title Department of State publication ;
Volume/sequential designation 3161
490 1# - SERIES STATEMENT
Series statement General foreign policy series ;
Volume/sequential designation 3
500 ## - GENERAL NOTE
General note "Office of Public Affairs"--Verso t.p.
504 ## - BIBLIOGRAPHY, ETC. NOTE
Bibliography, etc Includes bibliographical references.
650 #0 - SUBJECT ADDED ENTRY--TOPICAL TERM
Topical term or geographic name as entry element Nuclear energy.
650 #0 - SUBJECT ADDED ENTRY--TOPICAL TERM
Topical term or geographic name as entry element Nuclear nonproliferation.
710 1# - ADDED ENTRY--CORPORATE NAME
Corporate name or jurisdiction name as entry element United States.
Subordinate unit Department of State.
-- Office of Public Affairs.
830 #0 - SERIES ADDED ENTRY--UNIFORM TITLE
Uniform title Department of State publication.
Name of part/section of a work General foreign policy series ;
Volume number/sequential designation 3.
906 ## - LOCAL DATA ELEMENT F, LDF (RLIN)
a 7
b cbc
c oclcrpl
d u
e ncip
f 19
g y-gencatlg
942 ## - ADDED ENTRY ELEMENTS (KOHA)
Source of classification or shelving scheme Dewey Decimal Classification
Koha item type Books
Holdings
Withdrawn status Lost status Source of classification or shelving scheme Damaged status Not for loan Home library Current library Date acquired Total Checkouts Full call number Barcode Date last seen Price effective from Koha item type
    Dewey Decimal Classification     County Hall Archives County Hall Archives 07/04/2023   341.6 INT 10015893 07/04/2023 07/04/2023 Books
LIBRARY OPENING HOURS

When the Parliament is sitting: 8.00a.m - 7.00p.m or until the house adjourns
Mondays and Fridays and when the House is on Recess:  8.00a.m - 5.00p.m
Closed on Weekends and Public Holidays

Online Public Access Catalog (OPAC)
Website: http://www.parliament.go.ke
Bunge Library: https://libraryir.parliament.go.ke
Contact: library@parliament.go.ke | Tel no: (254-2)2221291 or 2848000 Ext 5043